Paroles "A nos souvenirs" de 3 cafés gourmands - Statistiques

Statistiques générales
  • Ce quiz a été pris 715 fois
    658 depuis la dernière actualisation
  • Le résultat moyen est 239 sur 301
Statistiques - réponses
Paroles % Correct
ce
97%
de
97%
en
97%
a
96%
à
96%
mon
96%
petit
96%
pour
96%
te
96%
coin
95%
me
95%
95%
se
95%
terre
95%
bout
94%
Comment
94%
encore
94%
Le
94%
le
94%
oublier
94%
Oublier
94%
paradis
94%
père
94%
es
93%
faire
92%
la
92%
La
92%
ma
92%
pourrais-je
92%
puis-je
92%
vit
92%
dans
91%
d'elle
91%
et
91%
Et
91%
on
91%
On
91%
des
90%
que
90%
Que
90%
séparer
90%
tu
90%
Tu
90%
matin
89%
du
88%
est
88%
l'eau
88%
ne
88%
t'as
88%
un
88%
Un
88%
pas
87%
au
86%
loin
86%
parisien
86%
parti
85%
peu
85%
tout
85%
c'est
83%
C'est
83%
faut
83%
qu'on
83%
vaches
83%
chagrin
82%
fausses
82%
faute
82%
Je
82%
je
82%
joue
82%
notes
82%
photos
82%
trouvé
82%
Corrèze
80%
frère
80%
as
79%
Belle
79%
tableaux
79%
Vous
79%
Acheter
78%
cœur
78%
cousin
78%
c'que
78%
n'était
78%
tête
78%
bonheur
77%
chanson
77%
con
77%
peur
77%
Si
77%
si
77%
tes
77%
chemin
76%
fais
76%
l'âme
76%
l'vin
76%
trompe
76%
vagues
76%
drame
75%
Jérémie
75%
bizarre
74%
ciel
74%
mal
74%
pays
74%
perdre
74%
pire
74%
Charnelle
73%
Joël
73%
amis
72%
autre
72%
bagages
72%
Les
72%
les
72%
meilleur
72%
monte
72%
N'aimez
72%
personne
72%
peut-être
72%
qu'un
72%
voyage
72%
y'aura
72%
d'ma
71%
Guillaume
71%
patriotard
71%
réflexion
71%
allez
70%
fruit
70%
m'trouvez
70%
nos
70%
jamais
69%
mourir
69%
religion
69%
touchera
69%
nous
68%
qu'une
68%
rejoindre
68%
veut
68%
confession
67%
delà
67%
d'une
67%
France
67%
l'aime
67%
région
67%
viens
67%
joli
65%
souvenirs
65%
vos
64%
notre
63%
enfants
62%
soir
61%
s'ra
61%
testament
61%
voix
61%
cette
60%
fête
60%
gnole
60%
grands-pères
60%
résonnent
60%
yeux
60%
bien
59%
croyez
59%
grands-mères
59%
Mais
59%
Yoan
59%
coup
58%
profité
58%
dégage
57%
faisons
57%
Lucas
57%
toi
57%
dernier
56%
p'tits
56%
héritage
55%
temps
55%
chabrol
54%
confidence
54%
relève
53%
s'il
53%
gâté
52%
piste
52%
t'laisse
52%
claudie
51%
L'odeur
51%
sur
51%
musette
50%
remplir
50%
avant
49%
soin
49%
prenez
48%
vivants
48%
aux
45%
vue
41%
Enterrez-nous
37%
Piedri
36%
bâillonnés
35%
jabot
33%
Monédières
30%
ramener
25%
Aucun quiz correspondant
Distribution des résultats
% des personnes avec chaque résultat
Percentile par nombre de réponses
Votre historique - résultats
Vous n’avez pas pris ce quiz depuis la dernière actualisation